banner koha

Sialolitíase em equino: relato de caso (Registro n. 300992)

MARC details
000 -LÍDER
fixed length control field 03343nab a2200349 i 4500
003 - CÓDIGO MARC DA AGÊNCIA CATALOGADORA
Campo de controle BR-BrBNA
005 - DATA E HORA DA ÚLTIMA ATUALIZAÇÃO
Campo de controle 20240822135251.0
008 - CAMPO DE TAMANHO FIXO
fixed length control field 240822b2018 bl.|r|pooa||| 00| 0 por |
040 ## - FONTE DA CATALOGAÇÃO
Agência catalogadora BR-BrBNA
Idioma da catalogação por
072 ## - CATEGORIA AGRIS
Código AGRIS L73
Código do objeto 5120
072 ## - CATEGORIA AGRIS
Código AGRIS L70
100 ## - ENTRADA PRINCIPAL - NOME PESSOAL
Nome pessoal Aoyama, I.H.A.
100 ## - ENTRADA PRINCIPAL - NOME PESSOAL
Nome pessoal Campebell, R.C.
100 ## - ENTRADA PRINCIPAL - NOME PESSOAL
Nome pessoal Zambrano, R.S.
100 ## - ENTRADA PRINCIPAL - NOME PESSOAL
Nome pessoal Sá, P.A.
100 ## - ENTRADA PRINCIPAL - NOME PESSOAL
Nome pessoal Miranda, R.S.
100 ## - ENTRADA PRINCIPAL - NOME PESSOAL
Nome pessoal Moreti, B.
245 ## - TÍTULO PRINCIPAL
Título principal Sialolitíase em equino: relato de caso
500 ## - NOTA GERAL
Nota geral Publicação online; 12 ref.; 6 illus.; Summaries (En, Pt)
942 ## - ADDED ENTRY ELEMENTS (KOHA)
Koha item type
520 ## - NOTA DE RESUMO
Nota de conteúdo <br/><br/>RESUMO - Sialolitíase é uma afecção que afeta as glândulas salivares ou seus ductos, caracterizada pela presença de estruturas calcificadas, denominadas de sialolitos, com crescimento lento e gradual, geralmente assintomático, dificultando ou impedindo o fluxo normal de saliva. Devido à ausência de relatos na literatura nacional, descreve-se o caso de uma égua de 15 anos, que apresentava um sialolito de 13cm no ducto parotídico havia mais de dois anos, próximo à crista facial. O diagnóstico foi realizado por meio do exame clínico: visualização do aumento de volume, palpação do sialolito, avaliação odontológica; e de exames complementares: radiografia e ultrassonografia. Optou-se pelo tratamento cirúrgico, através do acesso percutâneo, pois é o mais indicado para cálculos grandes, realizando-se sutura do ducto de Stenon, sem presença de fístulas no pós-operatório. Foi de extrema importância a avaliação e os cuidados odontológicos durante a realização do procedimento, pois as pontas dentárias facilitam a formação dos cálculos.<br/><br/><br/>Palavras-chave: sialolito, cavalo, glândula parótida, ducto de Stenon
520 ## - NOTA DE RESUMO
Nota de conteúdo <br/><br/>ABSTRACT - Sialolithiasis is a condition that affects the salivary glands or their ducts, characterized by the presence of calcified structures, called sialolites, with slow and gradual growth, usually asymptomatic, hindering or impeding the normal flow of saliva. Due to the absence of reports in the national literature, the case of a 15-year-old mare who had a 13cm sialolite in the parotid duct near the face ridge for more than 2 years is described. The diagnosis was made through clinical examination: with visualization and palpation of the sialolite, dental evaluation; and complementary exams: radiography and ultrasonography. We chose surgical treatment through percutaneous access, which is the most appropriate for large stones, and Stenon's duct suture was performed, without postoperative fistulas. The assessment and dental care during the procedure was extremely important, since the dental tips facilitate the formation of the stones.<br/><br/><br/>Keywords: sialolite, horse, parotid gland, duct of stenon
650 ## - ASSUNTO - THESAGRO
Cabeçalho tópico ou nome geográfico CAVALO
650 ## - ASSUNTO - THESAGRO
Cabeçalho tópico ou nome geográfico DOENÇA ANIMAL
650 ## - ASSUNTO - THESAGRO
Cabeçalho tópico ou nome geográfico GLÂNDULA SALIVAR
650 ## - ASSUNTO - THESAGRO
Cabeçalho tópico ou nome geográfico PARÓTIDA
650 ## - ASSUNTO - THESAGRO
Cabeçalho tópico ou nome geográfico CIRURGIA
650 ## - ASSUNTO - THESAGRO
Cabeçalho tópico ou nome geográfico VETERINÁRIA
773 0# - ENTRADA ANALÍTICA
Host Biblionumber 1643
Registro do item 317355
Imprenta Belo Horizonte-MG Universidade Federal de Minas Gerais - Escola de Veterinaria 1983
Outro identificador 2024-4007
Título Arquivo Brasileiro de Medicina Veterinária e Zootecnia (Brazil)
ISSN 0102-0935
Colação v. 70(2) p. 353-358; (2018)
Número de controle de registro BR2024002311
856 ## - ACESSO E ENDEREÇO ELETRÔNICO
Identificador uniforme de recurso - URI https://www.scielo.br/j/abmvz/a/TdVfGcmbT5hw3TthfdScV4v/?format=pdf&lang=pt

Nenhum exemplar disponível.

BINAGRI

Telefone: (61)3218-2567/2388/3357/2097 - binagri@agro.gov.br

Ministério da Agricultura e Pecuária , Esplanada dos Ministérios, Bloco D, Anexo B, Brasília/DF, CEP: 70.043-900